Aplimat 5th International conference : February 7-10, 2006 : Bratislava, Slovak Republic Part I
| Korporatívny autor: | |
|---|---|
| Ďalší autori: | |
| Médium: | Konferenčný príspevok Kniha |
| Jazyk: | angličtina čeština slovenčina |
| Fyzický popis: | 662 s. grafy, sch., tab. 21 cm |
| Vydavateľské údaje: |
In Bratislava
Slovak University of Technology
[2006]
|
| ISBN: | 8096730541 |
| Vydanie: | [1. ed.] |
| Predmet: |
MARC
| LEADER | 00000nam a2200000 a 4500 | ||
|---|---|---|---|
| 001 | vtls008769574 | ||
| 003 | SK-MaSNL | ||
| 005 | 20260302075139.0 | ||
| 008 | 210623s2006 xo dl f 100 0 eng | ||
| 015 | |a SNBA2006/06-03267 | ||
| 020 | |a 8096730541 |q (brož.) | ||
| 035 | |a urn:nbn:sk:snk-am0094kx | ||
| 035 | |a urn:nbn:sk:snk-am3hbm7 | ||
| 035 | |a 70CC8F5D-7270-4B01-8F1A-456753AA0447 | ||
| 040 | |a SNK |b slo |c SNK |e AACR2 | ||
| 041 | 0 | |a eng |a cze |a slo |b eng |b cze |b slo | |
| 044 | |a xo |c SK | ||
| 072 | 7 | |a 51 |x Matematika |2 konspekt | |
| 080 | |a (063) |2 2001 | ||
| 080 | |a 51-7 |2 2001 | ||
| 111 | 2 | |a Aplimat |n (5. : |d 2006 : |c Bratislava, Slovensko) |9 90258 | |
| 245 | 1 | 0 | |a Aplimat |b 5th International conference : February 7-10, 2006 : Bratislava, Slovak Republic |c [editor: Monika Kováčová] |n Part I |
| 250 | |a [1. ed.] | ||
| 260 | |a In Bratislava |b Slovak University of Technology |c [2006] | ||
| 300 | |a 662 s. |b grafy, sch., tab. |c 21 cm | ||
| 504 | |a Bibliogr. odkazy | ||
| 546 | |a Čiast. text čes., slov. Res. angl., čes., slov. | ||
| 650 | 0 | 7 | |a aplikovaná matematika |2 SNKPH |9 3498 |
| 655 | 7 | |a zborníky konferencií |2 SNKPH |9 70153 | |
| 700 | 1 | |a Kováčová, Monika, |d 1971- |4 edt |9 199074 | |
| 919 | |a 80-967305-4-1 | ||
| 958 | |a OND | ||
| 999 | |c 1168093 |d 1170023 | ||
| 952 | |a SNK |b SNK |y PREZ |7 0 |p 17A0513003 |o snkSC 123874/1 |i snk2006/11164 |8 0 |0 0 |1 0 |4 0 |d 2006-06-02 |f 1 |l 0 |r 2025-06-05 00:00:00 |w 2026-02-24 | ||
| 952 | |a SNK |b SNK |y VYP |7 0 |p 17A0513002 |o snkSC 123874/1 D1 |i snk2006/11165 |8 0 |0 0 |1 0 |4 0 |d 2006-06-02 |l 0 |r 2026-02-24 20:54:29 |w 2026-02-24 | ||


